Načítá se...
Oxford Companion to Classical Literature
| Hlavní autor: | |
|---|---|
| Médium: | Printed Book |
| Vydáno: |
Noida
OUP
2011
|
| Vydání: | 3 |
| LEADER | 00413nam a22001337a 4500 | ||
|---|---|---|---|
| 020 | |a 9780199658459 | ||
| 082 | |a 800 |b HOW.O | ||
| 100 | |a M. C. Howatson | ||
| 245 | |a Oxford Companion to Classical Literature | ||
| 250 | |a 3 | ||
| 260 | |a Noida |b OUP |c 2011 | ||
| 942 | |c BK | ||
| 999 | |c 2103 |d 2103 | ||
| 952 | |0 0 |1 0 |4 0 |6 800_000000000000000_HOW_O |7 0 |8 NFIC |9 2109 |a CAMPUS |b CAMPUS |d 2015-02-24 |l 0 |o 800 HOW.O |p 18671 |r 2015-02-24 |w 2015-02-24 |y BK | ||